00411nam a2200157Ia 4500008004100000020001400041040001900055041001200074082002300086100002100109245003600130260003300166300002100199650002300220850001000243131103s9999 xx 000 0 und d a330240161 aLoreto College aEnglish aF/FECbLCLIB/22293 aFecher,Constance aTraitor's soncConstance Fecher aLondonbPan Books Ltd.c1967 a258 p. c 17 cm. aFiction in English aLCLIB